Argentina FIFA World Cup Players - Statistics

General Stats
  • This quiz has been taken 106 times
  • The average score is 45 of 234
Answer Stats
La Albiceleste % Correct
Lionel Messi
99%
Lautaro Martínez
89%
Emiliano Martínez
86%
Lisandro Martínez
84%
Ángel Di María
83%
Diego Maradona
83%
Julián Álvarez
71%
Enzo Fernández
70%
Nicolás Otamendi
69%
Cristian Romero
68%
Ricky Álvarez
68%
Sergio Romero
68%
Federico Fernández
67%
Paulo Dybala
66%
Sergio Agüero
66%
Alexis Mac Allister
64%
Javier Mascherano
62%
Rodrigo De Paul
62%
Gonzalo Higuaín
61%
Nahuel Molina
59%
Carlos Tévez
55%
Gabriel Batistuta
55%
Francisco Sá
54%
Marcos Acuña
54%
Hernán Crespo
52%
Luis Monti
52%
Javier Zanetti
51%
Leandro Paredes
51%
Nicolás Tagliafico
51%
Gonzalo Montiel
48%
Juan Sebastián Verón
48%
Maxi Rodríguez
46%
Rodrigo Palacio
46%
Clemente Rodríguez
45%
Guido Rodríguez
45%
Juan Román Riquelme
45%
Leonardo Rodríguez
44%
Marcos Rojo
44%
Martín Demichelis
44%
Alejandro Gómez
43%
Diego Simeone
43%
Franco Armani
41%
Pablo Zabaleta
40%
Willy Caballero
40%
Exequiel Palacios
39%
Claudio López
38%
Arcadio López
37%
Ezequiel Garay
37%
Ezequiel Lavezzi
37%
Juan Foyth
37%
Mario Kempes
37%
Esteban Cambiasso
36%
Kily González
36%
Lucas Biglia
36%
Alberto Mario González
34%
Lucho González
34%
Walter Samuel
34%
Ángel Correa
33%
Javier Saviola
31%
Roberto Ayala
31%
Rubén Ayala
31%
Diego Milito
30%
Enzo Pérez
30%
Fernando Gago
29%
Gabriel Milito
29%
Germán Pezzella
29%
Daniel Passarella
28%
Gabriel Heinze
28%
Gabriel Mercado
26%
Pablo Aimar
25%
Éver Banega
24%
Jorge Burruchaga
24%
Juan Pablo Sorín
23%
Thiago Almada
23%
Fernando Redondo
22%
Javier Pastore
22%
Claudio Caniggia
21%
Cristian Pavón
21%
Martín Palermo
21%
Mauricio Pochettino
21%
Federico Fazio
20%
Jorge Valdano
20%
Nicolás Burdisso
20%
Ariel Ortega
18%
Jonás Gutiérrez
18%
Maximiliano Meza
18%
Roberto Abbondanzieri
17%
Carlos Roa
16%
Fabricio Coloccini
16%
Julio Cruz
16%
Lionel Scaloni
16%
Matías Almeyda
16%
Osvaldo Cruz
15%
Roberto Sensini
15%
Arico Suárez
14%
Marcelo Gallardo
14%
Pablo Paz
14%
Pedro Suárez
14%
Abel Balbo
13%
Hugo Campagnaro
13%
José Chamot
13%
José Luis Brown
13%
José María Basanta
13%
Oscar Ruggeri
13%
Nelson Vivas
11%
Nery Pumpido
11%
Pablo Cavallero
11%
Ubaldo Fillol
11%
Diego Placente
10%
José Della Torre
10%
José Ramos Delgado
10%
Sergio Batista
10%
Eduardo Salvio
9%
Héctor Enrique
9%
Hernán Díaz
9%
Leandro Cufré
9%
Leo Franco
9%
Osvaldo Ardiles
9%
Ramón Díaz
9%
Ricardo Giusti
9%
Ricardo Villa
9%
Américo Gallego
8%
Gustavo Dezotti
8%
José Basualdo
8%
Néstor Rossi
8%
Pedro Monzón
8%
Sergio Goycochea
8%
Amadeo Carrizo
7%
Daniel Bertoni
7%
Fernando Cáceres
7%
José Luis Cuciuffo
7%
Juan Simón
7%
Leopoldo Luque
7%
Mauricio Pineda
7%
Néstor Fabbri
7%
Oscar Garré
7%
Oscar Rossi
7%
Pedro Pasculli
7%
Ricardo Bochini
7%
Alberto Tarantini
6%
Guillermo Stábile
6%
Julio Olarticoechea
6%
Néstor Clausen
6%
Norberto Alonso
6%
Pedro Troglio
6%
René Houseman
6%
Rogelio Dominguez
6%
Sergio Berti
6%
Ángel Bossio
5%
Antonio Roma
5%
Carlos Daniel Tapia
5%
Claudio Borghi
5%
Jorge Olguín
5%
Luis Galván
5%
Mario Bolatti
5%
Néstor Lorenzo
5%
Oscar Alberto Ortiz
5%
Oscar Ortiz
5%
Roberto Perfumo
5%
Ángel Labruna
3%
Constantino Urbieta Sosa
3%
Enrique Wolff
3%
José Daniel Valencia
3%
José Serrizuela
3%
Luis Islas
3%
Manuel Ferreira
3%
Marcelo Trobbiani
3%
Ramón Medina Bello
3%
Rubén Héctor Sosa
3%
Alejandro Mancuso
2%
Alfredo Rojas
2%
Antonio Rattín
2%
Carlos Babington
2%
Carlos Peucelle
2%
Daniel Carnevali
2%
Francisco Varallo
2%
Gabriel Calderón
2%
Miguel Ángel Brindisi
2%
Miguel Oviedo
2%
Silvio Marzolini
2%
Ángel Bargas
1%
Fernando Paternoster
1%
Héctor Facundo
1%
Héctor Yazalde
1%
Jorge Carrascosa
1%
José Sanfilippo
1%
Juan Barbas
1%
Juan Botasso
1%
Juan Evaristo
1%
Mario Evaristo
1%
Martín Pando
1%
Norberto Menéndez
1%
Omar Larrosa
1%
Oreste Corbatta
1%
Ramón Heredia
1%
Roberto Telch
1%
Rubén Navarro
1%
Vladislao Cap
1%
Adolfo Zumelzú
0%
Agustín Balbuena
0%
Alberto Chividini
0%
Alberto Galateo
0%
Alberto Sainz
0%
Alejandro Scopelli
0%
Alfredo Devincenzi
0%
Attilio Demaría
0%
Carlos Spadaro
0%
Carlos Squeo
0%
Eliseo Prado
0%
Enrique Chazarreta
0%
Ernesto Belis
0%
Federico Sacchi
0%
Federico Vairo
0%
Federico Wilde
0%
Francisco Lombardo
0%
Francisco Rúa
0%
Héctor Freschi
0%
José Nehin
0%
José Varacka
0%
Juan Carlos Oleniak
0%
Juan Pedevilla
0%
Ludovico Avio
0%
Marcelo Pagani
0%
Natalio Perinetti
0%
Norberto Boggio
0%
Pedro Dellacha
0%
Ramón Muttis
0%
Raúl Belén
0%
Raúl Páez
0%
Roberto Cherro
0%
Roberto Irañeta
0%
Rodolfo Orlandini
0%
Rubén Glaria
0%
Santiago Santamaría
0%
No matching quizzes found
Score Distribution
Percent of People with Each Score
Percentile by Number Answered
Your Score History
You have not taken this quiz